[Event "Remote email"]
[Site "Remote email"]
[Date "2014.06.25"]
[Round "?"]
[White "Bommert, Nora"]
[Black "Martin, Leandra"]
[Result "1-0"]
[WhiteElo "1572"]
[BlackElo "1480"]
[PlyCount "75"]
[EventDate "2014.??.??"]
[EventType "tourn (corr)"]
[EventRounds "6"]
[EventCountry "GER"]
[SourceTitle "Corr 2015"]
[Source "ChessBase"]
[SourceDate "2015.07.17"]
[SourceVersion "1"]
[SourceVersionDate "2015.07.17"]
[SourceQuality "1"]

1. g4 d5 2. d4 b5 3. e3 g6 4. f4 a6 5. Nf3 Bxg4 6. h3 Bf5 7. b4 Nc6 8. Ng5 Nxb4 9. e4 Bxe4 10. Nxe4 dxe4 11. c3 Nd5 12. a4 c6 13. c4 bxc4 14. Bxc4 Nb4 15. 0-0 Qd7 16. Ra3 e6 17. Re3 Nf6 18. Nc3 Bh6 19. Nxe4 Nh5 20. Nc5 Qe7 21. Qb3 Bxf4 22. Rxf4 Nxf4 23. Qxb4 Qg5+ 24. Kf2 Qh4+ 25. Kf3 Nxh3 26. Qb7 Rd8 27. Qxc6+ Kf8 28. Nd7+ Kg7 29. Re4 Ng5+ 30. Ke3 Nxe4 31. d5 Rc8 32. Qxa6 f5 33. Bb2+ Nf6 34. Bxf6+ Kf7 35. Bxh4 Ra8 36. Qxe6+ Kg7 37. Qf6+ Kg8 38. d6# 1-0